|
|
|
|
| LEADER |
02970nam a2200793 i 4500 |
| 001 |
nkc20183064329 |
| 003 |
CZ PrNK |
| 005 |
20260311133200.0 |
| 007 |
ta |
| 008 |
190114s2018 xr c e 000 0bcze |
| 015 |
|
|
|a cnb003064329
|
| 020 |
|
|
|a 978-80-88117-18-6
|q (brožováno)
|
| 035 |
|
|
|a (OCoLC)1085381742
|
| 040 |
|
|
|a ABA001
|b cze
|e rda
|
| 041 |
1 |
|
|a cze
|h fre
|
| 043 |
|
|
|a e-cs---
|a ec-----
|a e-un---
|a e-xr---
|
| 045 |
|
|
|a x3x4
|
| 072 |
|
7 |
|a 323
|x Vnitropolitický vývoj, politický život
|2 Konspekt
|9 15
|
| 072 |
|
7 |
|a 929
|x Biografie
|2 Konspekt
|9 8
|
| 080 |
|
|
|a (=411.16)
|2 MRF
|
| 080 |
|
|
|a (=161.2)-055.2
|2 MRF
|
| 080 |
|
|
|a 929
|2 MRF
|
| 080 |
|
|
|a 355.48(100)"1939/1945"
|2 MRF
|
| 080 |
|
|
|a 94(100)"1939/1945"
|2 MRF
|
| 080 |
|
|
|a 343.819.5
|2 MRF
|
| 080 |
|
|
|a 323.12"1939/1945"
|2 MRF
|
| 080 |
|
|
|a 355.318.2
|2 MRF
|
| 080 |
|
|
|a (437.3)
|2 MRF
|
| 080 |
|
|
|a (437)
|2 MRF
|
| 080 |
|
|
|a (4-191.2)
|2 MRF
|
| 080 |
|
|
|a (092)
|2 MRF
|
| 100 |
1 |
|
|a Volet, Héléna
|7 jo20191021092
|4 aut
|
| 240 |
1 |
0 |
|a Ils voulaient juste vivre.
|l Česky
|
| 245 |
1 |
0 |
|a Chtěli jen žít /
|c Helena Volet ; přeložil Vladimír Čadský
|
| 250 |
|
|
|a 1. vydání
|
| 264 |
|
1 |
|a Praha :
|b Noos,
|c 2018
|
| 300 |
|
|
|a 303 stran :
|b portréty ;
|c 21 cm
|
| 336 |
|
|
|a text
|b txt
|2 rdacontent
|
| 337 |
|
|
|a bez média
|b n
|2 rdamedia
|
| 338 |
|
|
|a svazek
|b nc
|2 rdacarrier
|
| 500 |
|
|
|a Přeloženo z francouzštiny
|
| 500 |
|
|
|a Obálkový podnázev: kronika mé rodiny
|
| 504 |
|
|
|a Obsahuje bibliografii a bibliografické odkazy
|
| 600 |
3 |
4 |
|a Fantlovi (rodina)
|
| 600 |
3 |
4 |
|a Treichlingerovi (rodina)
|
| 600 |
1 |
7 |
|a Fantl, Arnošt,
|d 1914-1984
|7 pna20191025225
|2 czenas
|
| 600 |
1 |
7 |
|a Rusinová, Anna,
|d 1920-2010
|7 pna20191025230
|2 czenas
|
| 648 |
|
7 |
|a 20. století
|7 ch460558
|2 czenas
|
| 648 |
|
7 |
|a 1939-1945
|7 ch460653
|2 czenas
|
| 650 |
0 |
7 |
|a Židé
|7 ph127782
|z Česko
|y 20. století
|2 czenas
|
| 650 |
0 |
7 |
|a Ukrajinky
|7 ph617502
|y 20.-21. století
|2 czenas
|
| 650 |
0 |
7 |
|a druhá světová válka (1939-1945)
|7 ph117270
|2 czenas
|
| 650 |
0 |
7 |
|a koncentrační tábory
|7 ph121782
|z Evropa střední
|y 1939-1945
|2 czenas
|
| 650 |
0 |
7 |
|a holocaust (1939-1945)
|7 ph117203
|z Evropa střední
|2 czenas
|
| 650 |
0 |
7 |
|a zahraniční odboj
|7 ph116243
|z Československo
|y 1939-1945
|2 czenas
|
| 650 |
0 |
9 |
|a Jews
|z Czechia
|y 20th century
|2 eczenas
|
| 650 |
0 |
9 |
|a Ukrainian women
|y 20th-21st centuries
|2 eczenas
|
| 650 |
0 |
9 |
|a World War (1939-1945)
|2 eczenas
|
| 650 |
0 |
9 |
|a concentration camps
|z Europe, Central
|y 1939-1945
|2 eczenas
|
| 650 |
0 |
9 |
|a holocaust (1939-1945)
|z Europe, Central
|2 eczenas
|
| 650 |
0 |
9 |
|a resistance movement abroad
|z Czechoslovakia
|y 1939-1945
|2 eczenas
|
| 655 |
|
7 |
|a biografie
|7 fd131909
|2 czenas
|
| 655 |
|
9 |
|a biography
|2 eczenas
|
| 700 |
1 |
|
|a Čadský, Vladimír
|7 jn20000810140
|4 trl
|
| 910 |
2 |
|
|a BOA001
|b 2-1417.866
|
| 990 |
|
|
|a BK
|
| 995 |
|
|
|a 01
|
| 991 |
|
|
|b 201901
|c NOV
|
| 996 |
6 |
|
|b 2610767368
|c 2-1417.866
|l MZK
|r Sklad / do 1 hodiny
|n 0
|p p.v.
|w 001702316
|u 000010
|a 1
|e BOA001
|j MZK50
|s P
|